Most Expensive La Liga Transfers ( So Far ) - Statistics

General Stats
  • This quiz has been taken 76 times
  • The average score is 6 of 16
Answer Stats
From To Fee Player % Correct
Flamengo Real Madrid £39.9M Vinicius Junior
88%
AS Monaco Atletico Madrid £62.2M Thomas Lemar
80%
FC Bordeaux FC Barcelona £36.4M Malcom
68%
Gremio FC Barcelona £27.5M Arthur
54%
Sevilla FC FC Barcelona £31.9M Clement Lenglet
49%
Real Sociedad Real Madrid £26.6M Alvaro Odriozola
37%
Sporting CP Real Betis £17.7M William Carvalho
31%
Inter Milan Valencia CF £22.2M Geoffrey Kondogbia
25%
Newcastle United Real Sociedad £10.6M Mikel Merino
23%
Villarreal CF Atletico Madrid £17.7M Rodrigo
23%
PSG Athletic Bilbao £21.3M Yuri Berchiche
23%
RCD Espanyol Villarreal CF £17.7M Gerard Moreno
22%
Angers SCO Villarreal CF £15.9M Karl Toko-Ekambi
15%
Jiangsu Suning Villarreal CF £13.2M Roger Martinez
12%
Olympique Lyon Valencia CF £13.3M Mouctar Diakhaby
11%
LOSC Lille Sevilla FC £13.3M Ibrahim Amadou
9%
No matching quizzes found
Score Distribution
Percent of People with Each Score
Percentile by Number Answered
Your Score History
You have not taken this quiz